Mga dula sa magkakaibang midyum / (Record no. 18214)
[ view plain ]
| 000 -LEADER | |
|---|---|
| fixed length control field | 00515nam a22001937a 4500 |
| 003 - CONTROL NUMBER IDENTIFIER | |
| control field | OSt |
| 005 - DATE AND TIME OF LATEST TRANSACTION | |
| control field | 20140310183009.0 |
| 008 - FIXED-LENGTH DATA ELEMENTS--GENERAL INFORMATION | |
| fixed length control field | 130211t xxu||||| |||| 00| 0 eng d |
| 020 ## - INTERNATIONAL STANDARD BOOK NUMBER | |
| International Standard Book Number | 9715061869 |
| 050 ## - LIBRARY OF CONGRESS CALL NUMBER | |
| Classification number | PL 6063.R62 |
| Item number | .R524d 2002 |
| 100 ## - MAIN ENTRY--PERSONAL NAME | |
| Personal name | Rivera, Frank G. |
| 245 ## - TITLE STATEMENT | |
| Title | Mga dula sa magkakaibang midyum / |
| Statement of responsibility, etc | Frank G. Rivera. |
| 260 ## - PUBLICATION, DISTRIBUTION, ETC. (IMPRINT) | |
| Place of publication, distribution, etc | Manila : |
| Name of publisher, distributor, etc | UST Publishing House, |
| Date of publication, distribution, etc | 2002. |
| 300 ## - PHYSICAL DESCRIPTION | |
| Extent | 367 p. : |
| Dimensions | 23 cm. |
| 521 ## - TARGET AUDIENCE NOTE | |
| Target audience note | |
| 650 ## - SUBJECT ADDED ENTRY--TOPICAL TERM | |
| Topical term or geographic name as entry element | Play |
| General subdivision | Philippines |
| 942 ## - ADDED ENTRY ELEMENTS (KOHA) | |
| Source of classification or shelving scheme | Library of Congress Classification |
| Koha item type | Books |
| Call number prefix | Local |
| Withdrawn status | Lost status | Source of classification or shelving scheme | Damaged status | Home library | Current library | Shelving location | Date acquired | Cost, normal purchase price | Total Checkouts | Full call number | Barcode | Date last seen | Copy number | Price effective from | Koha item type |
|---|---|---|---|---|---|---|---|---|---|---|---|---|---|---|---|
| Library of Congress Classification | College Library | College Library | General Circulation Section | 04/06/2010 | 385.00 | PL 6063.R62 .R524d 2002 | C6215 | 05/15/2018 | 1 | 10/10/2013 | Books |